Overcoming burnout and compassion fatigue in schools :a guide for counselors, administrators and educators.
Uloženo v:
| Hlavní autor: | |
|---|---|
| Médium: | Kniha |
| Jazyk: | angličtina |
| Vydáno: |
Routledge
2020
|
| Tagy: |
Přidat tag
Žádné tagy, Buďte první, kdo vytvoří štítek k tomuto záznamu!
|
MARC
| LEADER | 00000nam a22000007a 4500 | ||
|---|---|---|---|
| 008 | 240311b |||||||| |||| 00| 0 eng d | ||
| 020 | |a 9781138492653 | ||
| 100 | |a DUBOIS, Alison L. | ||
| 245 | |a Overcoming burnout and compassion fatigue in schools |b :a guide for counselors, administrators and educators. |c Alison L. Dubois, Molly A. Mistretta |g viii, 127p. | ||
| 260 | |b Routledge |c 2020 |h New York |i 700042 |i 700043 |l LB2840.2.D85 |m Teachers- Job stress |m Burn out (psychology) - prevention |m Secondary traumatic stress- prevention |m Teaching- psychological aspects | ||
| 500 | |a It includes index | ||
| 942 | |a lcc |c BK |e Adeyemo O.O |f 11/03/2024 | ||
| 952 | |0 0 |1 0 |2 lcc |4 0 |6 LB28402 D85 |7 0 |9 4960 |a ED |b HOL |c LP |d 2024-03-11 |l 0 |o LB2840.2.D85 |p 2024-0211 |r 2024-03-11 00:00:00 |t 70042 |w 2024-03-11 |y BK | ||
| 952 | |0 0 |1 0 |2 lcc |4 0 |6 LB28402 D85 |7 0 |9 4961 |a HOL |b HOL |c LP |d 2024-03-11 |l 0 |o LB2840.2.D85 |p 2024-0212 |r 2024-03-11 00:00:00 |t 70043 |w 2024-03-11 |y BK | ||
| 999 | |c 2462 |d 2462 | ||